| 000 | 00000nam##2200000za#4500 |
| 001 | 9.577200 |
| 003 | CaOODSP |
| 005 | 20210624185511 |
| 007 | cr ||||||||||| |
| 008 | 150406|1994||||xxc|||||o f|0| 0 eng|d |
| 040 | |aCaOODSP|beng |
| 043 | |an-cn--- |
| 086 | 1 |aFs97-13/930E-PDF |
| 110 | 1 |aCanada. |bDepartment of Fisheries and Oceans. |
| 245 | 10|aFish resource data from the Snare River, Northwest Territories / |h[electronic resource]|cby E.F. Jessop, K.T.J. Chang-Kue and G. MacDonald. |
| 260 | |aWinnipeg - Manitoba : |bFisheries and Oceans Canada |c1994. |
| 300 | |a56p.|bfigs., tables |
| 490 | 1 |aCanadian data report of fisheries and aquatic sciences|vNo. 930 |
| 500 | |aOn t.p.: Central and Arctic Region, Winnipeg, Manitoba. Catalogue number and ISSN of the print edition appear in the PDF version. |
| 546 | |a(Résumé en français) |
| 590 | |a13-20-Supp|b2013-08-30 |
| 720 | 1 |aMacdonald, G. |
| 720 | 1 |aJessop, E. F. |
| 720 | 1 |aChang-Kue, K. T. J. |
| 830 | #0|aCanadian data report of fisheries and aquatic sciences ;|vNo. 930|w(CaOODSP)9.505124 |
| 856 | 40|ahttp://publications.gc.ca|qPDF|s854 KB|uhttps://publications.gc.ca/collections/collection_2013/mpo-dfo/Fs97-13-930-eng.pdf|yNo. 930 |